El amor es un trébol de cuatro hojas : visiones y versiones del amor en cuatro poetas de Cali : libro análogo-digital /

Detalles Bibliográficos
Autores principales: Jarrín B., Humberto (Autor), Agredo Ramos, Andrés F. (Autor), Bedoya, José Antonio (Autor)
Formato: Electrónico eBook
Lenguaje:español
Publicado: Cali, Valle del Cauca, Colombia : Universidad Autónoma de Occidente, 2024.
Materias:
Acceso en línea:Digitalia Hispánica

MARC

LEADER 00000nam a2200000Ii 4500
001 DIGUAOCCTE0117
003 NyNyDIG
006 m o d
007 cr |||||||||||
008 250417s2024 ck a o 000 p spa d
035 |a (OCoLC)1517260983 
040 |a DGITA  |b eng  |e rda  |e pn  |c DGITA 
020 |a 9789586191845  |q pdf 
020 |a 9789586191852  |q ePub 
020 |z 9789586191838  |q impreso 
043 |a s-ck--- 
050 1 4 |a PQ8174 ebook 
245 0 3 |a El amor es un trébol de cuatro hojas :  |b visiones y versiones del amor en cuatro poetas de Cali : libro análogo-digital /  |c autores, Humberto Jarrín B., Andrés Fabián Agredo, José Antonio Bedoya. 
264 1 |a Cali, Valle del Cauca, Colombia :  |b Universidad Autónoma de Occidente,  |c 2024. 
300 |a 1 online resource :  |b illustrations. 
336 |a text  |b txt  |2 rdacontent 
337 |a computer  |b c  |2 rdamedia 
338 |a online resource  |b cr  |2 rdacarrier 
347 |a text file  |2 rdaft 
347 |b PDF 
588 0 |a Online resource; title from PDF title page (Digitalia, viewed April 17, 2025) 
650 0 |a Colombian poetry. 
655 7 |a Poetry.  |2 lcgft 
700 1 |a Jarrín B., Humberto,  |e author. 
700 1 |a Agredo Ramos, Andrés F.,  |e author. 
700 1 |a Bedoya, José Antonio,  |e author. 
776 0 8 |i Print version:  |t Amor es un trébol de cuatro hojas.  |d Cali, Valle del Cauca, Colombia : Universidad Autónoma de Occidente, 2024  |z 9789586191838 
791 2 |a Digitalia (Firm),  |e distributor. 
793 0 |g Digitalia eBook Collection:  |a Universidad Autónoma de Occidente 
856 4 0 |3 Digitalia Hispánica  |u https://www.digitaliapublishing.com/a/171306/ 
910 |a Premium collection: 2025